| 000 | 00418nam a2200133Ia 4500 | ||
|---|---|---|---|
| 008 | 231129s9999||||xx |||||||||||||| ||spa|| | ||
| 020 | _a958-20-0021-12 | ||
| 040 | _bspa | ||
| 082 | _a613.907 G216s | ||
| 100 | _aGarcía de Maya Lilia | ||
| 245 | 0 | _aSexualidad y educación: abriendo caminos | |
| 264 | _aBogotá Colombia : Cooperativa Editorial Magisterio | ||
| 942 |
_2ddc _cBKS |
||
| 999 |
_c24542 _d24542 |
||